Διαχείριση προστατευόμενων περιοχών και μνημείων της φύσης : 3ο διεθνές συμπόσιο = 3rd international symposium = Natural monuments and protected areas management
Αποθηκεύτηκε σε:
| Συλλογικό Έργο: | , |
|---|---|
| Άλλοι συγγραφείς: | |
| Μορφή: | Πρακτικό Συνεδρίου Βιβλίο |
| Γλώσσα: | Greek English |
| Δημοσίευση: |
Λέσβος :
Μουσείο Φυσικής Ιστορίας Απολιθωμένου Δάσους Λέσβου,
2001.
|
| Σειρά: | Πρακτικά επιστημονικών συναντήσεων,
|
| Θέματα: | |
| Ετικέτες: |
Προσθήκη ετικέτας
Δεν υπάρχουν, Καταχωρήστε ετικέτα πρώτοι!
|
MARC
| LEADER | 00000cam a2200000 i 4500 | ||
|---|---|---|---|
| 001 | 1/64758 | ||
| 008 | 041103s2000####gr | | ||| |||| ||gre|| | ||
| 020 | |a 9608625963 | ||
| 035 | |l 10075068 | ||
| 040 | |a GR-MY-UA |b gre |e aacr | ||
| 041 | 0 | |a gre |a eng | |
| 082 | 0 | |a 333.7209495 |2 (21) | |
| 110 | 2 | |a Μουσείο Φυσικής Ιστορίας Απολιθωμένου Δάσους Λέσβου. | |
| 245 | 1 | 0 | |a Διαχείριση προστατευόμενων περιοχών και μνημείων της φύσης : |b 3ο διεθνές συμπόσιο = 3rd international symposium = Natural monuments and protected areas management / |c Μουσείο Φυσικής Ιστορίας Απολιθωμένου Δάσους Λέσβου. |
| 246 | 1 | |i Παράλληλος τίτλος: |a 3rd international symposium : |b natural monuments and protected areas management | |
| 260 | |a Λέσβος : |b Μουσείο Φυσικής Ιστορίας Απολιθωμένου Δάσους Λέσβου, |c 2001. | ||
| 300 | |a 320 σ. : |b εικ. ; |c 24 εκ. | ||
| 490 | 1 | |a Πρακτικά επιστημονικών συναντήσεων | |
| 500 | |a Τα κείμενα που περιλαμβάνονται στην παρούσα έκδοση παρουσιάστηκαν στο 3ο Διεθνές Συμπόσιο Διαχείριση Προστατευόμενων Περιοχών και Μνημείων της Φύσης που οργανώθηκε από το Μουσείο Φυσικής Ιστορίας Απολιθωμένου Δάσους Λέσβου και την Γενική Γραμματεία Δασών και Φυσικού Περιβάλλοντος στο Μόλυβο της Λέσβου τον Ιούλιο του 1998. | ||
| 500 | |a Υπο την αιγίδα της UNESCO. | ||
| 500 | |a Τον συντονισμό της έκδοσης είχε ο Ν.Κ. Ζούρος, εκδοτική επιμέλεια: Σ. Δαφνής. | ||
| 650 | 0 | 0 | |a Protected areas |x Management |z Greece. |
| 650 | 0 | 0 | |a Environmental management. |
| 700 | 1 | |a Ζούρος, Νίκος. |4 edt | |
| 711 | 2 | |a Διαχείριση Προστατευόμενων Περιοχών και Μνημείων της Φύσης |n (3ο: |c Μόλυβος, Λέσβος: |n 1998) | |
| 830 | 0 | |a Πρακτικά επιστημονικών συναντήσεων, |x 1108-2909 | |
| 852 | |a INST |b LESVOS |e 20041103 |h 333.7209495 ΜΟΥ |p 005100030389 |q 005100030389 |t BK |y 0 | ||
| 901 | |a BIBL1-2004-3 | ||
| 909 | |a Λ |b 103450 | ||
| 970 | |a ΤΖΑΦΕΡΗ |b ΕΥΑΓΓΕΛΙΑ |z 2004/11/03 | ||